10 Brasileños con más partidos jugados en el Real Madrid y Barcelona - Estadísticas

Estadísticas generales
  • Esta prueba ha sido intentada 147 veces
  • La puntuación promedio es 12 de 20
Estadísticas de respuestas
Top Partidos Jugador % Correcto
546 Marcelo Vieira
95%
177 Ronaldo Nazário
95%
308 Vinicius Junior
91%
408 Dani Alves
87%
527 Roberto Carlos da Silva
87%
207 Ronaldinho de Assis
87%
186 Neymar Junior
84%
235 Rivaldo Ferreira
84%
262 Rodrygo Goes
83%
336 Carlos Henrique Casemiro
78%
10° 120 Kaká
67%
171 Éder Militao
61%
137 Robinho de Souza
53%
189 Adriano Correira
41%
106 Philippe Coutinho
33%
128 Sylvinho Mendes
20%
10° 103 Juliano Belletti
18%
160 Sávio Bortolini
18%
107 Giovanni Silva
8%
151 Evaristo Macedo
3%
No se encontraron pruebas coincidentes
Distribución de puntuación
Porcentaje de gente con cada puntuación
Porcentaje por número respondido
Historial de tus puntuaciones
No has intentado esta prueba.